[Event "Noale Szabados Memorial-B 5th"]
[Site "Noale"]
[Date "2012.02.04"]
[Round "3"]
[White "Tomio, Dante"]
[Black "Hagiu, Fabrizio"]
[Result "1-0"]
[WhiteElo "1792"]
[BlackElo "1530"]
[PlyCount "42"]
[EventDate "2012.02.03"]
[EventType "swiss"]
[EventRounds "5"]
[EventCountry "ITA"]
[SourceTitle "EXT 2022"]
[Source "ChessBase"]
[SourceDate "2021.10.06"]
[SourceVersion "1"]
[SourceVersionDate "2021.10.06"]
[SourceQuality "1"]

1. d4 d5 2. Nf3 Nc6 3. Bf4 Nf6 4. e3 Bf5 5. a3 e6 6. c4 Be7 7. Nc3 a6 8. Be2 h6 9. 0-0 0-0 10. Ne5 Nxe5 11. dxe5 Ne4 12. Nxe4 Bxe4 13. Qb3 b6 14. Rfd1 Rb8 15. f3 Bh7 16. cxd5 exd5 17. Rxd5 Qc8 18. Rad1 Bf5 19. R1d2 Bc5 20. Kh1 Qb7 21. e4 Be6 1-0

[Event "Mogliano Veneto op-C 32nd"]
[Site "Mogliano Veneto"]
[Date "2011.04.30"]
[Round "2"]
[White "Hagiu, Stefano"]
[Black "Hagiu, Fabrizio"]
[Result "0-1"]
[WhiteElo "1404"]
[BlackElo "1485"]
[PlyCount "100"]
[EventDate "2011.04.29"]
[EventType "swiss"]
[EventRounds "5"]
[EventCountry "ITA"]
[SourceTitle "EXT 2024"]
[Source "ChessBase"]
[SourceDate "2023.10.10"]
[SourceVersion "1"]
[SourceVersionDate "2023.10.10"]
[SourceQuality "1"]

1. e4 c5 2. Nf3 d6 3. d4 cxd4 4. Nxd4 Nf6 5. Nc3 e5 6. Nb3 a6 7. Bg5 Be7 8. Bd3 Be6 9. 0-0 0-0 10. Ne2 d5 11. exd5 Nxd5 12. Bxe7 Qxe7 13. c4 Nb4 14. f4 Nxd3 15. Qxd3 Rd8 16. Qc3 e4 17. Ned4 f5 18. Nxe6 Qxe6 19. Rfe1 Nc6 20. Nc5 Qe7 21. Qe3 Nd4 22. Qc3 Qxc5 23. Qe3 Ne6 24. Qxc5 Nxc5 25. b4 Nd3 26. Rf1 e3 27. g3 e2 28. Rfb1 Re8 29. c5 e1Q+ 30. Rxe1 Rxe1+ 31. Rxe1 Nxe1 32. Kf2 Nd3+ 33. Ke3 Nxb4 34. a3 Nc2+ 35. Kd2 Nxa3 36. h4 Nc4+ 37. Kc3 Ne3 38. Kd4 Nc2+ 39. Kc3 Ne1 40. Kd2 Nf3+ 41. Ke3 Ng1 42. Kf2 Nh3+ 43. Kg2 a5 44. Kxh3 a4 45. c6 a3 46. cxb7 Rb8 47. h5 a2 48. Kh4 a1Q 49. g4 Rxb7 50. gxf5 Qg1 0-1